000 00950nam0a22002531 4500
001 rc\3455169
005 20260406165250.0
021 _aRU
_bРг4033-73
021 _aRU
_b72-64839
035 _a(NLR Aleph) 007883215
090 _a7931059
_c7931059
100 _a20130115d1972 |||y0rusy50 ca
101 0 _arus
102 _aRU
105 _ay z |||||
200 1 _aОсновные показатели развития сельского хозяйства Эстонской ССР
_fЦСУ при Совете Министров ЭССР. М-во сел. хоз-ва ЭССР. Упр. науч.-техн. информации
210 _aТаллин
_cБ. и.
_d1972
215 _a123 с.
_d20
712 0 1 _aЭССР
_bЦентральное статистическое управление
_3RU\NLR\AUTH\889936659
_9368122
801 0 _aRU
_bNLR
_gpsbo
801 1 _aRU
_bELAR
_2rusmarc
852 _aNLR
_j73-3/797
942 _cBOOK
980 _aNB